| 000 | 00690nam a2200217Ii 4500 | ||
|---|---|---|---|
| 003 | JO-AjNU | ||
| 008 | 230606s9999||||xx |||||||||||||| ||und|| | ||
| 020 | _a978-1-4039-3709-4 / 1-4039-3709-5(hardback) , 978-1-4039-3710-0 / 1-4039-3710-9(Paperback) | ||
| 040 |
_aJO-AjNU _beng _erda _cJO-AjNU |
||
| 041 | _aeng | ||
| 050 | 1 | 4 | _aPR6005.O4 2006 |
| 100 | 3 |
_aSimmons, Allan H, _eauthor _92587 |
|
| 245 | 0 | 0 | _aCritical Issues Joseph Conrad |
| 250 | _a1 ed | ||
| 264 | 3 | 1 | _aLondon: PALGRAVE MACMILLAN, 2006 |
| 300 | _a239P | ||
| 336 |
_atext _btxt _2rdacontent |
||
| 337 |
_aunmediated _bn _2rdamedia |
||
| 338 |
_avolume _bnc _2rdacarrier |
||
| 650 | 4 |
_aCritical Issues Joseph Conrad _92588 |
|
| 999 |
_aE1353 _c1353 _d1353 |
||